| 000 | 00390 a2200121 4500 | ||
|---|---|---|---|
| 001 | ART_12168 | ||
| 005 | 20260410161904.0 | ||
| 008 | 260409a | ||
| 245 | 1 | 0 | _aTesting for heteroscedasticity in simultanoeus equation models |
| 100 | 1 | _aPhillips, Garry D. A. | |
| 700 | 1 | _aHarvey, Andrew C. | |
| 773 | 0 |
_tJournal of econometrics _g- Vol. 15, NÂș 3 (abr. 1981) _wREV11720 |
|
| 999 |
_c26152 _d26152 |
||